书目信息 |
| 题名: |
细胞色素P450酶系的结构功能与应用前景
|
|
| 作者: | 冷欣夫 , 邱星辉 编著 | |
| 分册: | ||
| 出版信息: | 北京 科学出版社 2001.06 |
|
| 页数: | 252页 | |
| 开本: | 26cm | |
| 丛书名: | ||
| 单 册: | ||
| 中图分类: | Q554 | |
| 科图分类: | ||
| 主题词: | 酶 | |
| 电子资源: | ||
| ISBN: | 7-03-008990-1 | |
| 000 | 00662nam0 2200205 45 | |
| 001 | 0258817313 | |
| 005 | 2002041016201636 | |
| 010 | @a7-03-008990-1@dRMB 45.00 | |
| 100 | @a20020410d2001 km y0chiy0120 ea | |
| 101 | 0 | @achi |
| 102 | @aCN@b110000 | |
| 200 | 1 | @a细胞色素P450酶系的结构功能与应用前景@Axi bao se su P450 mei xi de jie gou gong neng yu ying yong qian jing@f冷欣夫,邱星辉编著@Fleng xin fu,qiu xing hui bian zhu |
| 210 | @a北京@c科学出版社@d2001.06 | |
| 215 | @a252页@d26cm | |
| 606 | 0 | @a酶 |
| 690 | @aQ554@v3 | |
| 701 | 0 | @a冷欣夫@Aleng xin fu@4编著 |
| 701 | 0 | @a邱星辉@Aqiu xing hui@4编著 |
| 801 | 0 | @aCN@bPFT@c20020410 |
| 905 | @a10447@dQ554@eL098 | |
| 细胞色素P450酶系的结构功能与应用前景/冷欣夫,邱星辉编著.-北京:科学出版社,2001.06 |
| 252页;26cm |
| ISBN 7-03-008990-1:RMB 45.00 |
| ● |
| 相关链接 |
|
|
|
正题名:细胞色素P450酶系的结构功能与应用前景
索取号:Q554/L098
 
预约/预借
| 序号 | 登录号 | 条形码 | 馆藏地/架位号 | 状态 | 备注 |
| 1 | 359021 | 203590211 | 自科库401/401自科库 30排1列5层/ [索取号:Q554/L098] | 在馆 | |
| 2 | 359022 | 203590220 | 自科库401/401自科库 30排1列5层/ [索取号:Q554/L098] | 在馆 | |
| 3 | 359023 | 203590239 | 自科库401/401自科库 30排1列5层/ [索取号:Q554/L098] | 在馆 |